01503nam a2200313 a 4500001001200000003000800012006001900020007001500039008004100054010001700095020004000112020003800152040002100190035002100211050002200232082001200254100002900266245010600295260006400401300002200465490014100487504006800628533015200696650002500848655002900873710001700902830014400919856012601063ebr10022284CaPaEBRm u cr cn|||||||||020528s2002 ne a sb 001 0 eng  z 2002074488 z9027245908 (Eur. : hb : alk. paper) z1588111768 (US : hb : alk. paper) aCaPaEBRcCaPaEBR a(OCoLC)61461820914aP156b.K45 2002eb04a4152211 aKelly, L. G.q(Louis G.)14aThe mirror of grammarh[electronic resource] :btheology, philosophy, and the Modistae /cL.G. Kelly. aAmsterdam ;aPhiladelphia :bJ. Benjamins Pub. Co.,cc2002. ax, 236 p. :bill.1 aAmsterdam studies in the theory and history of linguistic science. Series III, Studies in the history of the language sciences ;vv. 101 aIncludes bibliographical references (p. [215]-223) and indexes. aElectronic reproduction.bPalo Alto, Calif. :cebrary,d2013.nAvailable via World Wide Web.nAccess may be limited to ebrary affiliated libraries. 0aSpeculative grammar. 7aElectronic books.2local2 aebrary, Inc. 0aAmsterdam studies in the theory and history of linguistic science.nSeries III,pStudies in the history of the language sciences ;vv. 101.40uhttp://site.ebrary.com/lib/rucke/Doc?id=10022284zAn electronic book accessible through the World Wide Web; click to view